000 00463nam a2200157Ia 4500
999 _c35090
_d35090
003 OSt
005 20201218100440.0
008 190216s9999||||xx |||||||||||||| ||und||
040 _coclc
082 _a423
_bGED/C
100 _aGeddie, William
_97648
245 0 _aChambers Twentieth Century Dictionary /
_cWilliam Geddie
260 _bAllied Publications,
_aBombay:
_c1966.
300 _a1396p
942 _cREF
_2ddc
_h423
_iGED/C
_k423
_mGED/C